A systems approach to programmable controllers /

Guardado en:
Detalles Bibliográficos
Autor principal: Swainston, Fred (Autor)
Formato: Libro
Lenguaje:inglés
Publicado: Oxford : Butterworth-Heinemann, 1991
Materias:
Etiquetas: Agregar Etiqueta
Sin Etiquetas, Sea el primero en etiquetar este registro!

MARC

LEADER 00000nam a22000003a 4500
001 stu7982
005 20150617225806.1
008 950711s1991----xxu-----------------eng-d
020 |a 0-7506-0231-7 
040 |a STU  |b slo 
041 0 |a eng 
044 |a xxu 
080 |a 681.323  |7 stu_us_auth*stu8264 
080 |a 681.326.06 
080 |a 681.518 
084 |a C3220B  |2 INS 
100 1 |a Swainston, Fred  |4 aut 
245 1 |a A systems approach to programmable controllers /  |c [aut.] Swainston,Fred 
260 |a Oxford :  |b Butterworth-Heinemann,  |c 1991 
300 |a 294 s 
650 7 |a PLC  |2 stusub 
650 7 |a automatizačná technika  |2 stusub 
650 7 |a programovateľné regulátory  |2 stusub 
996 |b E79993  |c E*79993  |l EE30  |s P  |a 0  |w stu7982_0001